| 000 | 00614nam a2200241Ia 4500 | ||
|---|---|---|---|
| 005 | 20250425162054.0 | ||
| 008 | 250425s9999 xx 000 0 und d | ||
| 020 | _a968240066X | ||
| 041 | _aspa | ||
| 082 | _a636.213 | ||
| 100 | _aJUERGENSON, ELWOOD M | ||
| 245 | 0 | _aMETODOS APROBADOS EN LA PRODUCCION DE GANADO VACUNO PARA CARNE | |
| 250 | _a1A ED. | ||
| 260 |
_aEstados Unidos _bTRILLAS _c1990 |
||
| 260 | _aS.L. | ||
| 300 | _a366 | ||
| 650 | _aCARNE | ||
| 650 | _aCARNE DE RES-INDUSTRIA Y COMERCIO | ||
| 650 | _aCARNE DE VACUNO | ||
| 650 | _aCARNE-PRODUCCION | ||
| 942 | _c01 | ||
| 010 | _a47363 | ||
| 999 |
_c221784 _d221784 |
||